| 000 | 00441pab a2200145 454500 | ||
|---|---|---|---|
| 008 | 180718b2006 xxu||||| |||| 00| 0 eng d | ||
| 100 | _aBhattacharjea, Aditya | ||
| 245 | _aLabour market regulation and industrial performance in India: a critical review of the empirical evidence | ||
| 260 | _c2006 | ||
| 300 | _ap.211-32. | ||
| 362 | _aApr-Jun | ||
| 650 | _aLabour market | ||
| 773 | _aIndian Journal of Labour Economics | ||
| 909 | _a73299 | ||
| 999 |
_c73299 _d73299 |
||